<?xml version="1.0" encoding="UTF-8"?>
<record
    xmlns:xsi="http://www.w3.org/2001/XMLSchema-instance"
    xsi:schemaLocation="http://www.loc.gov/MARC21/slim http://www.loc.gov/standards/marcxml/schema/MARC21slim.xsd"
    xmlns="http://www.loc.gov/MARC21/slim">

  <leader>02608nam a2200253   4500</leader>
  <controlfield tag="003">vecauma</controlfield>
  <controlfield tag="005">20260421133958.0</controlfield>
  <controlfield tag="007">ta</controlfield>
  <controlfield tag="008">260421b        ve ||||| |||| 00| 0 spa d</controlfield>
  <datafield tag="020" ind1=" " ind2=" ">
    <subfield code="a">9684099312</subfield>
  </datafield>
  <datafield tag="040" ind1=" " ind2=" ">
    <subfield code="a">vecauma</subfield>
    <subfield code="b">spa</subfield>
    <subfield code="c">vecauma</subfield>
    <subfield code="d">vecauma</subfield>
    <subfield code="e">rda</subfield>
  </datafield>
  <datafield tag="041" ind1=" " ind2=" ">
    <subfield code="a">spa</subfield>
  </datafield>
  <datafield tag="100" ind1="1" ind2=" ">
    <subfield code="e">autor</subfield>
  </datafield>
  <datafield tag="245" ind1="1" ind2=" ">
    <subfield code="a">Relaciones p&#xFA;blicas </subfield>
    <subfield code="b">Texto que orienta, gu&#xED;a, define, precisa y explica esta actividad fundamental </subfield>
    <subfield code="c">/ Manuel Alfonso, Carlos Bonilla, Ronald A. Dickins, Jean Domette, Mariano Dur&#xE1;n De La Cuesta, Enrique Figueroa H&#xE9;ctor De La Garza, Servando Gonz&#xE1;lez, C&#xE9;sar Hern&#xE1;ndez, Juan Lavalle, Ma. Eugenia Moreno, Juan S&#xE1;nchez Navarro, Concepci&#xF3;n Solana </subfield>
  </datafield>
  <datafield tag="264" ind1=" " ind2=" ">
    <subfield code="a">M&#xE9;xico:</subfield>
    <subfield code="b">Edamex;</subfield>
    <subfield code="c">1997.</subfield>
  </datafield>
  <datafield tag="300" ind1=" " ind2=" ">
    <subfield code="a">221 p&#xE1;ginas.</subfield>
  </datafield>
  <datafield tag="336" ind1=" " ind2=" ">
    <subfield code="a">texto</subfield>
    <subfield code="b">txt</subfield>
    <subfield code="2">rdacontenido</subfield>
  </datafield>
  <datafield tag="337" ind1=" " ind2=" ">
    <subfield code="a">no mediado</subfield>
    <subfield code="b">n</subfield>
    <subfield code="2">rdamedio</subfield>
  </datafield>
  <datafield tag="338" ind1=" " ind2=" ">
    <subfield code="a">volumen</subfield>
    <subfield code="b">nc</subfield>
    <subfield code="2">rdasoporte</subfield>
  </datafield>
  <datafield tag="505" ind1="0" ind2=" ">
    <subfield code="t">Perfil de las relaciones p&#xFA;blicas</subfield>
    <subfield code="r">/ Juan Lavalle. --</subfield>
    <subfield code="t">Las relaciones p&#xFA;blicas en acci&#xF3;n </subfield>
    <subfield code="r">/ Mariano Dur&#xE1;n de la Cuesta. --</subfield>
    <subfield code="t">Las  relaciones p&#xFA;blicas en el campo educacional </subfield>
    <subfield code="r">/ Jean Domette. --</subfield>
    <subfield code="t">Las relaciones p&#xFA;blicas y la alta gerencia (1965) </subfield>
    <subfield code="r">/ Juan S&#xE1;nchez Navarro. --</subfield>
    <subfield code="t">Relaciones con los medios </subfield>
    <subfield code="r">/ Manuel Alonso Coratella. --</subfield>
    <subfield code="t">Las relaciones p&#xFA;blicas en el sector gubernamental</subfield>
    <subfield code="r">/ Ma. Eugenia Moreno y Servando Gonz&#xE1;lez Mu&#xF1;oz. -- </subfield>
    <subfield code="t">Las relaciones p&#xFA;blicas y su importancia en el sector financiero </subfield>
    <subfield code="r">/ Concepci&#xF3;n Solana. --</subfield>
    <subfield code="t">Turismo y relaciones p&#xFA;blicas </subfield>
    <subfield code="r">/ Enrique Figueroa. --</subfield>
    <subfield code="t">Relaciones p&#xFA;blicas en la industria</subfield>
    <subfield code="r">/ Carlos Bonilla Guti&#xE9;rrez. --</subfield>
    <subfield code="t">El comercio y las relaciones p&#xFA;blicas </subfield>
    <subfield code="r">/ H&#xE9;ctor de la Garza Loeb. --</subfield>
    <subfield code="t">Relaciones p&#xFA;blicas en organismos representativos </subfield>
    <subfield code="r">/ C&#xE9;sar Hern&#xE1;ndez Espejo. --</subfield>
    <subfield code="t">Las relaciones p&#xFA;blicas en organismos no lucrativos </subfield>
    <subfield code="r">/ Ronald A. Dickins Lara. --</subfield>
  </datafield>
  <datafield tag="520" ind1="3" ind2=" ">
    <subfield code="a">Un pu&#xF1;ado selecto de profesionales de las relaciones p&#xFA;blicas, convocado por la Academia Nacional, redact&#xF3; el libro que tiene usted en sus manos. El mejor tratado que sobre esta materia se ha escrito en M&#xE9;xico.

No s&#xF3;lo los estudiantes de Ciencias de la Comunicaci&#xF3;n, sino cualquier persona que posea una empresa, grande o peque&#xF1;a, y que desee conocer a fondo la importancia de las relaciones p&#xFA;blicas, encontrar&#xE1; en esta obra una gu&#xED;a eficaz.

Las buenas relaciones p&#xFA;blicas son fundamentales para la marcha exitosa de cualquier actividad, como la empresarial, y tambi&#xE9;n la profesional y hasta la personal.

EDAMEX se enorgullece de presentar al culto p&#xFA;blico de habla hispana esta obra trascendente.
</subfield>
  </datafield>
  <datafield tag="942" ind1=" " ind2="1">
    <subfield code="2">lcc</subfield>
    <subfield code="n">0</subfield>
    <subfield code="c">BK</subfield>
  </datafield>
  <datafield tag="999" ind1=" " ind2=" ">
    <subfield code="c">13408</subfield>
    <subfield code="d">13408</subfield>
  </datafield>
  <datafield tag="952" ind1=" " ind2=" ">
    <subfield code="0">0</subfield>
    <subfield code="1">0</subfield>
    <subfield code="2">lcc</subfield>
    <subfield code="4">0</subfield>
    <subfield code="7">0</subfield>
    <subfield code="8">CG</subfield>
    <subfield code="a">BUMA</subfield>
    <subfield code="b">BUMA</subfield>
    <subfield code="c">GEN</subfield>
    <subfield code="d">2026-04-21</subfield>
    <subfield code="i">48712</subfield>
    <subfield code="l">0</subfield>
    <subfield code="p">2026-0552</subfield>
    <subfield code="r">2026-04-21</subfield>
    <subfield code="w">2026-04-21</subfield>
    <subfield code="y">BK</subfield>
  </datafield>
</record>
